Normal view
MARC view
Entry Término temático
001 - NÚMERO DE CONTROL
- campo de control: 50921
003 - IDENTIFICADOR DEL NÚMERO DE CONTROL
- campo de control: OSt
005 - FECHA Y HORA DE LA ÚLTIMA TRANSACCIÓN
- campo de control: 20250106124652.0
008 - DATOS DE LONGITUD FIJA
- campo de control de longitud fija: 250106|| aca||aabn | a|a d
040 ## - FUENTE DE LA CATALOGACIÓN
- Centro catalogador/agencia de origen: OSt
- Centro/agencia transcriptor: OSt
150 ## - ENCABEZAMIENTO--TÉRMINO DE MATERIA
- Término de materia o nombre geográfico como elemento de entrada: Comentarios de arte
670 ## - FUENTE DE DATOS ENCONTRADOS
- Cita de la fuente: Work cat.: (OSt): Gutiérrez Loayza, Julio Genaro 50920, Sesenta Años de Arte en el Qosqo (1927-1988) :, 2022